000 00394nam a2200169Ia 4500
008 230524s9999 xx 000 0 und d
020 _a9788120340268
082 _a621.31042
100 _aM.V.Deshpande
245 0 _aElectrical Machines
250 _a2
260 _aNew Delhi
_bPHI
_c2013
300 _a"1,430p;"
500 _aQuantity Number: 10
650 _aElectrical
942 _cBK
999 _c54580
_d54580